Life strategies : doing what works, doing what matters

Bibliographic Details
Main Author: McGraw, Philip C
Format: Book
Published: New York : Hyperion , 1999
Subjects:

MARC

LEADER 00000cam a2200000 7i4500
001 0000012625
005 20220315.0
020 |a 0786890320 
040 |a INS 
090 0 0 |a BF637.C4.   |b M34 1999 
100 1 |a McGraw, Philip C 
245 1 0 |a Life strategies :   |b doing what works, doing what matters   |c Philip C McGraw 
260 |a New York :   |b Hyperion ,   |c 1999 
300 |a xiii, 362p. ;   |c 18cm. 
650 0 |a Change (Psychology)   |x Success-Psychological aspects 
999 |a 0000013180   |b BOOK   |c Open Shelf   |e Default branch